[Event "Sparkassen-Open A"]
[Site "Heusenstamm, Martinsee"]
[Date "2024.11.23"]
[Round "5.103"]
[White "Jordake, Michael"]
[Black "Ternes, Markus"]
[Result "1/2-1/2"]
[WhiteElo "1787"]
[BlackElo "1882"]
[PlyCount "112"]
[EventDate "2024.11.21"]
[WhiteTeam "SC Bergen-Enkheim 1922"]
[BlackTeam "SC Sulzbach-Rosenberg"]

1. Nc3 e5 2. Nf3 Nc6 3. d4 exd4 4. Nxd4 Nf6 5. Bg5 Be7 6. Nf5 O-O 7. Nxe7+ Qxe7 8. Nd5 Qe5 9. Bxf6 gxf6 10. c3 b6 11. e3 Kh8 12. Qf3 Bb7 13. Qxf6+ Qxf6 14. Nxf6 Kg7 15. Nh5+ Kh6 16. Ng3 f5 17. O-O-O d6 18. f4 Ne7 19. Rg1 Nd5 20. Nxf5+ Rxf5 21. e4 Rxf4 22. exd5 Re8 23. g3 Rf2 24. c4 Rxh2 25. Bd3 Re7 26. Rh1 Rxh1 27. Rxh1+ Kg5 28. Bxh7 c6 29. Bg8 cxd5 30. cxd5 Re5 31. Rh7 Bxd5 32. Bxd5 Rxd5 33. Rxa7 Kf6 34. Kc2 Rg5 35. Ra3 Ke6 36. Rd3 d5 37. Kd2 Ke5 38. Ke2 d4 39. Rb3 Ke4 40. Kd2 Rg6 41. a4 Kd5 42. Rf3 Ke4 43. Ke2 Rc6 44. Rb3 Rc2+ 45. Kd1 Rg2 46. Rxb6 Rxg3 47. Re6+ Kd3 48. Re1 Rg2 49. Kc1 Rg5 50. Rd1+ Kc4 51. Kc2 Rd5 52. Rd3 Rd8 53. b3+ Kb4 54. Kb2 Rd7 55. Kc2 Rd8 56. Kd2 Rd7 1/2-1/2

[Event "Sparkassen-Open A"]
[Site "Heusenstamm, Martinsee"]
[Date "2024.11.23"]
[Round "5.104"]
[White "Gärtner, Johannes"]
[Black "Kessler, Georg"]
[Result "0-1"]
[WhiteElo "1777"]
[BlackElo "1876"]
[PlyCount "86"]
[EventDate "2024.11.21"]
[WhiteTeam "Sfr.Mainz 1928"]
[BlackTeam "SC Sulzbach-Rosenberg"]

1. d4 d5 2. c4 e6 3. Nc3 Nf6 4. cxd5 exd5 5. Bg5 Be7 6. e3 O-O 7. Bd3 b6 8. Qc2 h6 9. Bh4 Bb7 10. Nf3 Nbd7 11. O-O Rc8 12. a3 c5 13. dxc5 bxc5 14. Qe2 Re8 15. Qd1 d4 16. exd4 Bxf3 17. Qxf3 cxd4 18. Ne2 Ne5 19. Qf5 Nxd3 20. Qxd3 Qb6 21. b4 Red8 22. Rfd1 Rc7 23. Rac1 Rxc1 24. Rxc1 a5 25. Rc4 axb4 26. axb4 Bxb4 27. Rxd4 Rxd4 28. Qxd4 Bc5 29. Qd1 Ne4 30. Qe1 g5 31. Bg3 f5 32. Nc1 Qb1 33. Qd1 f4 34. Qd8+ Kf7 35. Qd7+ Kf6 36. Qd8+ Ke5 37. Qd1 Kf6 38. Qd8+ Ke6 39. Qc8+ Kd5 40. Qa8+ Kd4 41. Qa4+ Kc3 42. Qd1 fxg3 43. Qe1+ Kb2 0-1

[Event "Sparkassen-Open A"]
[Site "Heusenstamm, Martinsee"]
[Date "2024.11.23"]
[Round "5.105"]
[White "Al Luwaisi, Omer"]
[Black "Meyer-Jany, Marcel"]
[Result "1-0"]
[WhiteElo "1667"]
[BlackElo "1876"]
[PlyCount "94"]
[EventDate "2024.11.21"]
[WhiteTeam "SC ML Kastellaun"]
[BlackTeam "SK Herborn 1946"]

1. e4 c6 2. Nf3 d5 3. exd5 cxd5 4. Ne5 Nc6 5. Bb5 Qc7 6. Nxc6 bxc6 7. Ba4 Ba6 8. d3 e6 9. O-O Bd6 10. h4 Ne7 11. Qg4 O-O 12. h5 Bb5 13. Bxb5 cxb5 14. h6 g6 15. Nc3 a6 16. Be3 e5 17. Ne2 f5 18. Qh3 Qxc2 19. Ng3 Qxb2 20. Rfb1 Qc3 21. Rd1 Qb4 22. d4 e4 23. Rdb1 Qa5 24. Bg5 Rac8 25. Qh4 Qc7 26. Rc1 Qd7 27. Ne2 Rxc1+ 28. Rxc1 Rc8 29. Rxc8+ Nxc8 30. Bf4 Kf7 31. Kh1 Qc7 32. Bxd6 Qxd6 33. Ng1 Qf6 34. Qf4 Qxd4 35. Qc7+ Ne7 36. Nh3 Qf6 37. Nf4 Qc6 38. Qe5 Qf6 39. Qc7 Qa1+ 40. Kh2 Qf6 41. Nxd5 Qe6 42. Nf4 Qc4 43. Qd8 Qc8 44. Qd4 Qf8 45. Qd6 Qxh6+ 46. Kg1 Qg5 47. Ne6 e3 1-0

[Event "Sparkassen-Open A"]
[Site "Heusenstamm, Martinsee"]
[Date "2024.11.23"]
[Round "5.106"]
[White "Kluge, Joscha"]
[Black "Klein, Deniz"]
[Result "1/2-1/2"]
[WhiteElo "1703"]
[BlackElo "1874"]
[PlyCount "90"]
[EventDate "2024.11.21"]
[WhiteTeam "SC Bergen-Enkheim 1922"]
[BlackTeam "SK Kaiserslautern 1905"]

1. c4 e5 2. g3 f5 3. Bg2 Nf6 4. e3 g6 5. Ne2 Bg7 6. Nbc3 d6 7. b3 O-O 8. Ba3 Re8 9. O-O c6 10. d4 e4 11. d5 c5 12. Qc2 a6 13. Rad1 b5 14. Bb2 bxc4 15. bxc4 Nbd7 16. Rb1 Ne5 17. Na4 Nd3 18. Nc1 Nxb2 19. Rxb2 Nd7 20. Rb3 Qa5 21. Nc3 Ne5 22. Rd1 Nxc4 23. Nxe4 Na3 24. Qd2 Qxd2 25. Nxd2 Nb5 26. Ne2 Bd7 27. Nf4 Nc3 28. Re1 Nxa2 29. Nc4 Nb4 30. Nxd6 Reb8 31. Ne6 Bxe6 32. dxe6 Ra7 33. Rc1 Bf8 34. Nc4 Rd8 35. Ra1 Kg7 36. h3 Kf6 37. Na5 Rd6 38. Nb7 Rxe6 39. Rc1 Re5 40. f4 Re6 41. Nxc5 Bxc5 42. Rxc5 Rb6 43. Ra3 Rd7 44. Bf1 h5 45. Ra4 Ke6 1/2-1/2

[Event "Sparkassen-Open A"]
[Site "Heusenstamm, Martinsee"]
[Date "2024.11.23"]
[Round "5.107"]
[White "Will, Jonas"]
[Black "Hebauf, Markus"]
[Result "1-0"]
[WhiteElo "1869"]
[BlackElo "1696"]
[PlyCount "49"]
[EventDate "2024.11.21"]
[WhiteTeam "SV Schott Jena"]
[BlackTeam "Sfr.1932 Kelkheim"]

1. e4 c5 2. Nf3 Nc6 3. d4 cxd4 4. Nxd4 e5 5. Nb5 d6 6. c4 a6 7. N1c3 Nf6 8. Bg5 Be7 9. Bxf6 Bxf6 10. Nd5 O-O 11. Be2 Nd4 12. O-O Nxe2+ 13. Qxe2 Be6 14. Nbc3 Bxd5 15. Nxd5 Rb8 16. Rfd1 Be7 17. Rac1 Qd7 18. Rc3 f5 19. exf5 Rxf5 20. Qg4 Rbf8 21. Ne3 h5 22. Qh3 g5 23. Nxf5 Rxf5 24. Qxh5 g4 25. Qxg4+ 1-0

[Event "Sparkassen-Open A"]
[Site "Heusenstamm, Martinsee"]
[Date "2024.11.23"]
[Round "5.110"]
[White "Michalski, Uwe"]
[Black "Weidemann, Max"]
[Result "1-0"]
[WhiteElo "1820"]
[BlackElo "1556"]
[PlyCount "119"]
[EventDate "2024.11.21"]
[WhiteTeam "Sfr.Mainz 1928"]
[BlackTeam "Vorw.Orient Mainz"]

1. e4 e5 2. Bc4 Nf6 3. d4 exd4 4. Qxd4 Nc6 5. Qe3 d6 6. Nf3 Be7 7. a3 Be6 8. Bxe6 fxe6 9. Ng5 Qd7 10. Nc3 h6 11. Nf3 e5 12. Bd2 O-O-O 13. b4 Kb8 14. Nd5 Rc8 15. O-O g5 16. b5 Nd8 17. Rfb1 g4 18. Ne1 b6 19. a4 Nb7 20. a5 Nc5 21. axb6 cxb6 22. Nb4 Rc7 23. Nc6+ Kc8 24. Qa3 Nfxe4 25. Be3 a5 26. Nd3 h5 27. Ndb4 Rb7 28. Nd5 Bg5 29. Nxb6+ Rxb6 30. Qxa5 Qc7 31. Qa8+ Rb8 32. Nxb8 Qxb8 33. Qc6+ Kd8 34. Ra8 Ke7 35. Rxb8 Rxb8 36. Bxg5+ Nxg5 37. Qc7+ Nd7 38. Rd1 Rb6 39. c4 Ne6 40. Qa7 Nec5 41. Qa3 Rb8 42. Qe3 Ne6 43. Ra1 Rc8 44. Qd3 Nf4 45. Qe4 Ke6 46. g3 Nh3+ 47. Kf1 Nf6 48. Qd3 Ng5 49. Qb3 Nf3 50. Rd1 Ke7 51. b6 Nd7 52. b7 Rb8 53. Qb5 Nd4 54. Qb1 Nf6 55. Qg6 Ne6 56. Rb1 Nc5 57. Qg7+ Ke6 58. Qc7 Nfd7 59. Rb6 Ne4 60. Ra6 1-0

[Event "Sparkassen-Open A"]
[Site "Heusenstamm, Martinsee"]
[Date "2024.11.23"]
[Round "5.111"]
[White "Althaus, Lennart"]
[Black "Scheerer, Amelie"]
[Result "1/2-1/2"]
[WhiteElo "1711"]
[BlackElo "1788"]
[PlyCount "108"]
[EventDate "2024.11.21"]
[WhiteTeam "TV-Großostheim 1900 e.V."]
[BlackTeam "SV 1934 Ffm-Griesheim"]

1. c4 e6 2. Nc3 Nf6 3. g3 d5 4. cxd5 exd5 5. d4 c6 6. Bg2 Be7 7. Nf3 O-O 8. O-O Be6 9. Bd2 Nbd7 10. Rc1 Nb6 11. Ne5 Ne4 12. e3 f6 13. Nd3 Bf5 14. Nxe4 Bxe4 15. Bxe4 dxe4 16. Nc5 Bxc5 17. Rxc5 Qd7 18. b4 f5 19. Qc2 Rae8 20. f4 exf3 21. Rxf3 g6 22. b5 cxb5 23. Qb3+ Qf7 24. Rxb5 Qxb3 25. Rxb3 Nc4 26. Rf2 Rf7 27. Kg2 Rfe7 28. Kf3 Kf7 29. Bc1 Kf6 30. Rc2 Nb6 31. Rc5 Rc8 32. Ba3 Re6 33. Rxc8 Nxc8 34. Rxb7 Ra6 35. Bc5 Rxa2 36. Rc7 Nb6 37. Rc6+ Kg5 38. h4+ Kh6 39. Bxb6 Ra6 40. d5 axb6 41. d6 Ra3 42. Rxb6 Rd3 43. Kf4 Kg7 44. e4 Rd4 45. Ke5 Rxe4+ 46. Kd5 Kf6 47. Kc6 Ke6 48. d7 Ke7 49. Rb7 Re3 50. d8=Q+ Kxd8 51. Rxh7 Rxg3 52. Kd6 Ke8 53. Ke6 Kf8 54. h5 gxh5 1/2-1/2

[Event "Sparkassen-Open A"]
[Site "Heusenstamm, Martinsee"]
[Date "2024.11.23"]
[Round "5.112"]
[White "Kramer, Lars"]
[Black "Moldenhauer, Lennart"]
[Result "1-0"]
[WhiteElo "1704"]
[BlackElo "1784"]
[PlyCount "115"]
[EventDate "2024.11.21"]
[WhiteTeam "SF 1982 Ötzingen e.V."]
[BlackTeam "SV Oberursel"]

1. e4 g6 2. d4 Bg7 3. Nc3 d6 4. Nf3 a6 5. Be2 Nf6 6. O-O O-O 7. Bf4 b5 8. a3 Bb7 9. d5 c5 10. Bd3 Nbd7 11. Re1 Rc8 12. Qd2 Qb6 13. Bf1 Qc7 14. e5 dxe5 15. Nxe5 Nxe5 16. Rxe5 Qd7 17. Rae1 Rfe8 18. Bg5 Rcd8 19. d6 exd6 20. R5e2 Rxe2 21. Rxe2 Re8 22. a4 b4 23. Bxf6 Rxe2 24. Nxe2 Bxf6 25. b3 Qe6 26. Nf4 Qe5 27. Nd3 Qd4 28. Qe2 Qe4 29. Qd2 Qd4 30. Qe2 Qe4 31. Qd2 Kg7 32. Nf4 Bg5 33. Ne6+ Qxe6 34. Qxg5 f6 35. Qg3 h5 36. h4 Qe5 37. f4 Qf5 38. Qe1 Qe4 39. Qg3 Kf7 40. Bd3 Qd4+ 41. Kf1 Be4 42. Bxa6 Bxc2 43. Qf3 d5 44. Bb5 Bd1 45. Qf2 Qxf2+ 46. Kxf2 Bxb3 47. a5 d4 48. a6 Bd5 49. a7 Ke7 50. Bc4 Bc6 51. g3 Ba8 52. Ke2 Kf8 53. Kd3 Kg7 54. Be6 g5 55. Kc4 gxf4 56. gxf4 d3 57. Kxd3 Bg2 58. Kc4 1-0

[Event "Sparkassen-Open A"]
[Site "Heusenstamm, Martinsee"]
[Date "2024.11.23"]
[Round "5.113"]
[White "Rotärmel, Leonie"]
[Black "Zarriess, Benjamin"]
[Result "1-0"]
[WhiteElo "1683"]
[BlackElo "1751"]
[PlyCount "35"]
[EventDate "2024.11.21"]
[WhiteTeam "SK Bad Homburg 1927"]
[BlackTeam "Hamburg"]

1. e4 c6 2. d4 d5 3. Nc3 dxe4 4. Nxe4 Nf6 5. Nxf6+ exf6 6. c3 Bd6 7. Bd3 O-O 8. Ne2 Re8 9. Qc2 h6 10. Bd2 Nd7 11. O-O Qc7 12. Ng3 Nf8 13. Rae1 Bd7 14. Qc1 Ne6 15. Bxh6 gxh6 16. Qxh6 Ng5 17. Nh5 Bf8 18. Nxf6# 1-0

[Event "Sparkassen-Open A"]
[Site "Heusenstamm, Martinsee"]
[Date "2024.11.23"]
[Round "5.116"]
[White "Sejdovic, Cemal"]
[Black "Henzelmann, Matthias"]
[Result "1-0"]
[WhiteElo "1861"]
[BlackElo "1680"]
[PlyCount "87"]
[EventDate "2024.11.21"]
[WhiteTeam "SK 1959 Bischofsheim"]
[BlackTeam "SC Heuchelheim"]

1. e4 c5 2. Nf3 e6 3. Nc3 Nc6 4. a3 d6 5. Bc4 Nf6 6. d3 Be7 7. O-O a6 8. a4 b6 9. Qe2 Qc7 10. Bg5 Bb7 11. Rfe1 O-O 12. e5 dxe5 13. Nxe5 Nd4 14. Qd2 Rfe8 15. Bf4 Bd6 16. Bg3 Nd7 17. Nxd7 Bxg3 18. Nf6+ gxf6 19. hxg3 Qc6 20. f3 Qxf3 21. Re3 Qg4 22. Rf1 Nf5 23. Ne4 Bxe4 24. Rxe4 Qxg3 25. Rf3 Qg7 26. Qe2 Nd4 27. Rxd4 cxd4 28. Qf2 Kf8 29. Rxf6 Ke7 30. Rf4 Red8 31. Qh4+ Ke8 32. b4 a5 33. Bb5+ Kf8 34. bxa5 bxa5 35. Rg4 Qh8 36. Qf2 Rd6 37. Qf4 Ke7 38. Qg5+ Qf6 39. Qc5 e5 40. Qc7+ Kf8 41. Bc4 Qe7 42. Rg8+ Kxg8 43. Qxe7 Rg6 44. Bxf7+ 1-0

[Event "Sparkassen-Open A"]
[Site "Heusenstamm, Martinsee"]
[Date "2024.11.23"]
[Round "5.117"]
[White "Manasek, Martin"]
[Black "Doering, Janno"]
[Result "1/2-1/2"]
[WhiteElo "1656"]
[BlackElo "1813"]
[PlyCount "92"]
[EventDate "2024.11.21"]
[WhiteTeam "SC Flörsheim 1921"]
[BlackTeam "SK Bingen"]

1. d4 Nf6 2. c4 e6 3. Nc3 Bb4 4. Nf3 O-O 5. Qc2 c5 6. e3 d5 7. Be2 Nc6 8. O-O dxc4 9. Bxc4 cxd4 10. Ne2 dxe3 11. Bxe3 Qe7 12. a3 Bd6 13. Ba2 e5 14. Ng3 Bg4 15. Nd2 Rac8 16. Qa4 Rfd8 17. Nde4 Nxe4 18. Nxe4 Be6 19. Bxe6 Qxe6 20. Ng5 Qg6 21. Ne4 Bb8 22. Rfd1 h6 23. Ng3 Qe6 24. Qe4 Bd6 25. b4 b6 26. Nf5 Ne7 27. Nxd6 Rxd6 28. Rxd6 Qxd6 29. Qg4 Rd8 30. h3 f5 31. Qc4+ Qd5 32. Qh4 Ng6 33. Qh5 Kh7 34. Qxf5 Rf8 35. Qc2 e4 36. Rd1 Qf5 37. Rd4 Re8 38. Qc6 Qe5 39. Qc2 Kh8 40. Qd2 Ne7 41. Bf4 Qf5 42. Be3 Nc6 43. Rd5 Qf7 44. Rd7 Re7 45. Rd6 Re6 46. Rd7 Re7 1/2-1/2